| 000 | 00475nam a2200157Ia 4500 | ||
|---|---|---|---|
| 003 | Ost | ||
| 005 | 20260507075701.0 | ||
| 008 | 260507s9999||||xx |||||||||||||| ||und|| | ||
| 040 | _cfsecg | ||
| 041 | _aara | ||
| 100 |
_aزيدان، على الدين _eمؤلف |
||
| 245 | 0 |
_aالقانون الاداري / _c على الدين زيدان |
|
| 260 |
_aالاسكندرية: _bدار الفكر الجامعي, _c2002 |
||
| 653 | _aقانون اداري | ||
| 942 | _cكتاب | ||
| 999 |
_c45817 _d45817 |
||